000 00861nam a2200205Ii 4500
003 JO-AjNU
008 230605s9999||||xx |||||||||||||| ||und||
040 _aJO-AjNU
_bara
_erda
_cJO-AjNU
041 _aara
050 1 4 _aBP130.4.T2.1994
100 3 _aتأليف: الطبري ؛ هذبه وحققه وضبط نصه وعلق عليه: بشار عواد معروف، عصام فارس الحرستاني,
_eauthor
_959084
245 0 0 _aتفسير الطبري من كتابه جامع البيان عن تأويل آي القرآن، مج4 الانفال الى النحل
250 _aط1
264 3 1 _aبيروت: مؤسسة الرسالة ،1994
300 _aمجلد4: 573ص
336 _atext
_btxt
_2rdacontent
337 _aunmediated
_bn
_2rdamedia
338 _avolume
_bnc
_2rdacarrier
650 4 _aالقرآن- تفاسير مأثورة
_959085
999 _aA26570
_c30138
_d30138